Underground Railroad States - Statistics

General Stats
  • This quiz has been taken 38 times
  • The average score is 6 of 9
Answer Stats
# sites Answer % Correct
31 New York
94%
18 Ohio
86%
15 Pennsylvania
81%
16 Illinois
78%
8 Indiana
78%
9 New Jersey
72%
12 Massachusetts
67%
8 Delaware
47%
8 Wisconsin
28%
No matching quizzes found
Score Distribution
Percent of People with Each Score
Percentile by Number Answered
Your Score History
You have not taken this quiz